000 00341nam a2200133Ia 4500
008 151001s9999||||xx |||||||||||||| ||und||
100 _aप्रमोद
245 _aविज्ञान के अविष्कार
250 _a1
260 _bसंगीता
260 _c2006
300 _a48
365 _b21
999 _c989913
_d989910